| 000 | 01577nam0a22003611 4500 | ||
|---|---|---|---|
| 001 | RU\INFOCOMM_322\NLR\5000159839 | ||
| 005 | 20260408130635.0 | ||
| 035 | _a(NLR Aleph) 009553199 | ||
| 090 |
_a9021082 _c9021082 |
||
| 100 | _a20130208d1967 |||y0rusy50 ca | ||
| 101 | 0 | _aeng | |
| 102 | _aRU | ||
| 105 | _ay z ||||| | ||
| 200 | 1 |
_aEconomic regionalisation as a method of coordinating the economic development of Africa _fY. G. Lipets, Cand. Sc. (Geog.) _gUSSR Acad. of sciences. Central inst. of mathematical economics |
|
| 210 |
_aM. _d1967 |
||
| 215 |
_a[2], 23 с. _d21 см |
||
| 300 | _a"This paper has been distributed by the United Nations in its orig. language, Russ., as document Nr. ID/Conf. 1/G. 39 for the International symposium on industrial development" | ||
| 309 | _aОтпеч. множит. аппаратом | ||
| 320 | _aБиблиогр.: с. 20-22 | ||
| 606 | 0 |
_aЭкономическое районирование _yАфриканские страны _91059110 _3RU\NLR\AUTH\6692375 |
|
| 607 |
_aАфриканские страны _xНародное хозяйство _2nlr_sh1 |
||
| 620 | _aМосква | ||
| 686 |
_aЭ1-1200 _2rubbk |
||
| 686 |
_aЭ2-650 _2rubbk |
||
| 700 | 1 |
_9z01790 _aLipec _bJ. G. _gJulij Grigor'evič |
|
| 711 | 1 | 2 |
_8eng _aInternational symposium on industrial development _f1967 _eAthens _7ba _3RU\NLR\AUTH\880496574 _9653062 |
| 790 | 1 |
_9z01700 _aLipets _bY. G. _4070 |
|
| 801 | 1 |
_aRU _bInfocomm _c20130208 |
|
| 801 | 0 |
_aRU _bINFOCOMM _gPSBO |
|
| 852 |
_aNLR _jЭк21 Д-4/10 |
||
| 942 | _cBOOK | ||
| 980 | _aNB | ||